Environmental Economics
में बचाया:
| मुख्य लेखक: | |
|---|---|
| स्वरूप: | पुस्तक |
| प्रकाशित: |
E.E
|
| विषय: | |
| टैग: |
कोई टैग नहीं, इस रिकॉर्ड को टैग करने वाले पहले व्यक्ति बनें!
|
MARC
| LEADER | 00000nam a2200000Ia 4500 | ||
|---|---|---|---|
| 005 | 20260427112638.0 | ||
| 526 | |b Economics | ||
| 100 | |a Robert Stavins | ||
| 020 | |a 9781788972079 | ||
| 650 | |a Environmental Economics | ||
| 526 | |a Bachelors | ||
| 942 | |c BK | ||
| 245 | |a Environmental Economics | ||
| 260 | |b E.E | ||
| 999 | |c 3 |d 3 | ||
| 952 | |0 0 |1 0 |4 0 |7 0 |8 1 |a BRISTOL |b BRISTOL |d 2026-04-22 |l 0 |p 000029 |r 2026-04-27 11:26:38 |w 2026-04-27 |y BK | ||